000 00480cam a2200181 4500
001 B875
008 090401t1928 xxu||||| |||| 00| 0 eng d
035 _a(Sirsi) u38470
041 _aeng
050 _a333.332
100 _aBarnes, Harry
245 4 _aThe valuation of small dwelling-houses under the Rating and Valuation Act 1925
260 _aLondon
_bLocal Government Journal Ltd
_c1928
300 _avii,68p. ; 24cm.
350 _a0
942 _n0
948 _c04/03/1997
999 _c90649
_d90649